Normal view
MARC view
- House of Commons Transport Committee
Entry Corporate Name
001 - CONTROL NUMBER
- control field: 5842
003 - CONTROL NUMBER IDENTIFIER
- control field: SIRSI
005 - DATE AND TIME OF LATEST TRANSACTION
- control field: 20190806150246.0
008 - FIXED-LENGTH DATA ELEMENTS
- fixed length control field: 100427n| acannaabn |n ana d
040 ## - CATALOGING SOURCE
- Original cataloging agency: OSt
- Transcribing agency: OSt
110 2# - HEADING--CORPORATE NAME
- Corporate name or jurisdiction name as entry element: House of Commons Transport Committee
670 ## - SOURCE DATA FOUND
- Source citation: Update on the London Underground and the public-private (PPP) partnership agreements, 2010